|
|
|
|
| LEADER |
01328nam a22003734a 4500 |
| 001 |
EBC235149 |
| 003 |
MiAaPQ |
| 005 |
20200520144314.0 |
| 006 |
m o d | |
| 007 |
cr cn||||||||| |
| 008 |
011129s2002 enka sb 001 0 eng |
| 010 |
|
|
|z 2001058966
|
| 020 |
|
|
|z 041523378X
|
| 020 |
|
|
|z 0415233798 (pbk.)
|
| 035 |
|
|
|a (MiAaPQ)EBC235149
|
| 035 |
|
|
|a (Au-PeEL)EBL235149
|
| 035 |
|
|
|a (CaPaEBR)ebr5007463
|
| 035 |
|
|
|a (CaONFJC)MIL11590
|
| 035 |
|
|
|a (OCoLC)61386972
|
| 040 |
|
|
|a MiAaPQ
|c MiAaPQ
|d MiAaPQ
|
| 050 |
|
4 |
|a TS171.4
|b .J47 2002
|
| 082 |
0 |
4 |
|a 658.5/75
|2 21
|
| 100 |
1 |
|
|a Jerrard, Bob.
|
| 245 |
1 |
0 |
|a Design management case studies
|h [electronic resource] /
|c Robert Jerrard, David Hands, and Jack Ingram.
|
| 260 |
|
|
|a London ;
|a New York :
|b Routledge,
|c 2002.
|
| 300 |
|
|
|a xiv, 234 p. :
|b ill.
|
| 504 |
|
|
|a Includes bibliographical references and index.
|
| 533 |
|
|
|a Electronic reproduction. Ann Arbor, MI : ProQuest, 2015. Available via World Wide Web. Access may be limited to ProQuest affiliated libraries.
|
| 650 |
|
0 |
|a Industrial design
|x Management.
|
| 655 |
|
4 |
|a Electronic books.
|
| 700 |
1 |
|
|a Hands, David,
|c Ph. D.
|
| 700 |
1 |
|
|a Ingram, Jack,
|d 1959-
|
| 710 |
2 |
|
|a ProQuest (Firm)
|
| 856 |
4 |
0 |
|u https://ebookcentral.proquest.com/lib/matrademy/detail.action?docID=235149
|z Click to View
|